LEADER 02174nam0 22004933i 450 001 RML0057025 005 20231121125653.0 020 $aIT$b1938 6975 100 $a19960806d1938 ||||0itac50 ba 101 | $aita$cita 102 $ait 181 1$6z01$ai $bxxxe 182 1$6z01$an 200 1 $aVitruvio$fFrancesco Pellati 210 $aRoma$cEdizioni Roma$d1938 215 $a98 p., 6 p. di tav.$cill.$d20 cm. 225 | $aRes Romanae 410 0$1001CUB0030953$12001 $aRes Romanae 500 10$aVitruvio$3UM10215826$9RAVV029660$93617184 606 $aVitruvio Pollione, Marco . De Architectura$2FIR$3RMLC458959$9N 676 $a720$9Architettura.$v22 700 0$aVitruvius Pollio$3CFIV072607$4070$08237 702 1$aPellati$b, Francesco$3RAVV029660$4340 790 1$aVitruvio Pollione$b, Marco$3CFIV129017$zVitruvius Pollio 790 1$aVitruvio$b, M.$3CFIV131454$zVitruvius Pollio 790 0$aVitruve$3CFIV149701$zVitruvius Pollio 790 1$aVitruvius Pollio$b, Marcus$3CFIV149702$zVitruvius Pollio 790 0$aVitruvio Pollione$3CFIV201618$zVitruvius Pollio 790 0$aVitruvio$3CFIV212526$zVitruvius Pollio 790 0$aVitruvius$3CFIV315950$zVitruvius Pollio 790 1$aPollio$b, Marcus Vitruvius$3SBNV038371$zVitruvius Pollio 790 1$aVitruvius Pollio$b, Lucius$3SBNV038372$zVitruvius Pollio 801 3$aIT$bIT-01$c19960806 850 $aIT-RM0290 $aIT-RM0418 $aIT-RM0285 $aIT-FR0084 $aIT-FR0017 899 $aBIBLIOTECA ANGELICA$bRM0290 899 $aBIBLIOTECA ACCADEMIA NAZ. DEI LINCEI E CORSINIANA$bRM0418 899 $aBiblioteca Dell'Istituto Nazionale Di Studi Romani$bRM0285 899 $aBiblioteca Del Monumento Nazionale Di Montecassino$bFR0084 899 $aBiblioteca umanistica Giorgio Aprea$bFR0017 $eN 912 $aRML0057025 950 0$aBiblioteca umanistica Giorgio Aprea$d 52DLM B /Vitr. /1$e 52DUP0009047005 VMB RS $fA $h20201106$i20201106 977 $a 06$a 10$a 13$a 25$a 52 996 $aVitruvio$93617184 997 $aUNICAS